| 000 | 00675nam a2200241Ia 4500 | ||
|---|---|---|---|
| 003 | OSt | ||
| 005 | 20220918222722.0 | ||
| 006 | a|||||r|||| 00| 0 | ||
| 007 | ta | ||
| 008 | 220917b |||||||| |||| 00| 0 eng d | ||
| 024 | _a217,958 | ||
| 037 | _cTextual | ||
| 040 |
_aARTS _cARTS _beng |
||
| 041 |
_2eng _aeng |
||
| 082 | _aNa47,11,N, P1.1 | ||
| 100 | _aSinha Biswajit | ||
| 245 | 0 | _aInternational guide to art research material | |
| 260 |
_aDelhi _bEastern book linkers _c2001 |
||
| 650 | _aARTS | ||
| 700 |
_a Choudhary Ashok K. _9143892 |
||
| 942 |
_hNa47,11,N, P1.1 _cTEXL _2CC |
||
| 999 |
_c276289 _d276289 |
||